| 000 | 01670nam1a2200313 i 4500 | ||
|---|---|---|---|
| 001 | RU\NLR\BIBL_A\016347545 | ||
| 005 | 20241103083009.0 | ||
| 035 | _a(NLR Aleph) 016347545 | ||
| 090 |
_a13110854 _c13110854 |
||
| 100 | _a20230418g20229999u y0rusy50 ca | ||
| 101 | 0 | _arus | |
| 102 | _aRU | ||
| 105 | _a||||j|||||||| | ||
| 181 | 0 |
_ai _baxxe |
|
| 182 | 0 | _an | |
| 200 | 1 |
_aПодготовка к ЕГЭ по химии _eучебное пособие _fМинистерство науки и высшего образования Российской Федерации, Северо-Восточный федеральный университет имени М. К. Аммосова, Специализированный учебно-научный центр _gсоставители: Е. В. Абакунова [и др.] |
|
| 203 |
_aТекст _bвизуальный _cнепосредственный |
||
| 210 |
_aЯкутск _cСахаада _d2022 |
||
| 215 | _d20 | ||
| 606 |
_aХимия _jУчебные издания для средней школы _9898913 _3RU\NLR\AUTH\666296 |
||
| 686 | 1 | _aГ1я721-1 | |
| 702 | 1 |
_aАбакунова _bЕ. В. _gЕлена Викторовна _4220 |
|
| 712 | 0 | 2 |
_4570 _aСеверо-Восточный федеральный университет им. М. К. Аммосова _bСпециализированный учебно-научный центр - Университетский лицей _cЯкутск _9784408 _3RU\NLR\AUTH\880558552 |
| 852 |
_aNLR _j2023-3/8738 |
||
| 852 |
_aNLR _j2023-3/8738 |
||
| 942 | _cBOOK | ||